Top 10 Songs by The Rolling Stones - Statistics

General Stats
  • This quiz has been taken 14 times
  • The average score is 7 of 10
Answer Stats
Hint Answer % Correct
1 (I Can't Get No) Satisfaction
100%
3 Sympathy For the Devil
86%
8 Angie
79%
6 Brown Sugar
79%
7 Gimme Shelter
71%
2 Paint It, Black
71%
5 Start Me Up
64%
9 Tumbling Dice
43%
10 You Can't Always Get What You Want
43%
4 Jumpin' Jack Flash
36%
No matching quizzes found
Score Distribution
Percent of People with Each Score
Percentile by Number Answered
Your Score History
You have not taken this quiz